[Event "mature men 11"]
[Site "SchemingMind.com"]
[Date "2007.02.05"]
[Round "-"]
[White "Coloplast"]
[Black "Mekk"]
[Result "1/2-1/2"]
[WhiteCountry "SWE"]
[BlackCountry "POL"]
[WhiteElo "1961"]
[WhiteRD "73"]
[BlackElo "1807"]
[BlackRD "57"]
[GameID "89734"]

1. d4 Nf6 2. c4 g6 3. Nc3 Bg7 4. Nf3 d6 5. Bf4 O-O 6. e3 c6 7. Qc2 a6 8. b4 b5 9. c5 dxc5 10. bxc5 Nd5
11. Bg3 Bf5 12. Qb2 Nxc3 13. Qxc3 Nd7 14. Bd3 Bxd3 15. Qxd3 Nxc5 16. Qc2 Qd5 17. O-O Ne4 18. Rfc1 c5 19. a4 Nxg3 20. hxg3 cxd4
21. exd4 b4 22. Rab1 a5 23. Qc5 e6 24. Qxd5 exd5 25. Rc5 Rfd8 26. Rbc1 Bf8 27. Rb5 Rab8 28. Rxa5 b3 29. Rb1 Rb4 30. Rb5 Rxa4
31. R1xb3 Bd6 32. Kf1 Bc7 33. Rb7 Rc4 34. Ke2 Kg7 35. Kd3 Kf6 36. Rc3 Rxc3+ 37. Kxc3 Rc8 38. Kd3 h6=
1/2-1/2

[Event "mature men 11"]
[Site "SchemingMind.com"]
[Date "2007.02.01"]
[Round "-"]
[White "Coloplast"]
[Black "erikbrynolfson"]
[Result "1-0"]
[WhiteCountry "SWE"]
[BlackCountry "USA"]
[WhiteElo "2021"]
[WhiteRD "78"]
[BlackElo "1667"]
[BlackRD "58"]
[GameID "89735"]

1. d4 Nf6 2. c4 e6 3. Nc3 Bb4 4. Nf3 O-O 5. Bg5 h6 6. Bh4 d5 7. e3 Nbd7 8. a3 Bxc3+ 9. bxc3 b6 10. Ne5 g5
11. Bg3 Nxe5 12. Bxe5 Ne4 13. Qh5 f6 14. Qg6+ Kh8 15. Qxh6+ Kg8 16. Qg6+ Kh8 17. h4 g4 18. Bf4 Qe7 19. f3 Nxc3 20. Kd2 Na4
21. Bd3 Qg7 22. Qh5+ Kg8 23. Bh6 Qh8 24. Qg6+
1-0

[Event "mature men 11"]
[Site "SchemingMind.com"]
[Date "2007.02.01"]
[Round "-"]
[White "Coloplast"]
[Black "daraimeister"]
[Result "1/2-1/2"]
[WhiteCountry "SWE"]
[BlackCountry "HUN"]
[WhiteElo "2026"]
[WhiteRD "78"]
[BlackElo "1717"]
[BlackRD "79"]
[GameID "89736"]

1. d4 Nf6 2. c4 g6 3. Nc3 d5 4. Bf4 Bg7 5. Nf3 O-O 6. e3 Bg4 7. h3 Bxf3 8. Qxf3 c6 9. cxd5 cxd5 10. Bb5 a6
11. Ba4 b5 12. Bb3 e6 13. O-O b4 14. Na4 Ne4 15. Rac1 Nd2 16. Qe2 Nxf1 17. Bc7 Qe8 18. Bd6 Nxe3 19. fxe3 Qd8 20. Bxf8 Bxf8
21. e4 Ra7 22. Nc5 Bxc5 23. dxc5 a5 24. exd5 a4 25. Bc4 exd5 26. Bb5 Re7 27. Qg4 d4 28. c6 Qb6 29. Qc8+ Kg7 30. Bxa4 d3+
31. Kh2 d2 32. Rd1 Rc7 33. Qd8 Nxc6 34. Bxc6 Qxc6 35. Rxd2 Qc4= 36. Qd6 Qc5 37. Qxc5 Rxc5 38. Rd4 Rb5 39. Kg3 Kf6 40. Kf4 h5
41. Rd6+ Ke7 42. Ra6 f6 43. a4 bxa3 44. bxa3 Rf5+ 45. Ke3 Re5+ 46. Kf4 Rf5+=
1/2-1/2

[Event "mature men 11"]
[Site "SchemingMind.com"]
[Date "2007.02.01"]
[Round "-"]
[White "Coloplast"]
[Black "ekulrac"]
[Result "1-0"]
[WhiteCountry "SWE"]
[BlackCountry "SCO"]
[WhiteElo "1961"]
[WhiteRD "73"]
[BlackElo "1710"]
[BlackRD "52"]
[GameID "89737"]

1. d4 d5 2. c4 e6 3. Nc3 f5 4. Nf3 Nf6 5. Bf4 Nbd7 6. e3 c6 7. a3 Be7 8. Qc2 Ne4 9. Ne5 O-O 10. f3 Nxc3
11. bxc3 Nxe5 12. Bxe5 Bd7 13. Be2 Be8 14. Kd2 Bf6 15. f4 Bxe5 16. fxe5 Bg6 17. Qb3 f4 18. exf4 Rxf4 19. Bf3 Qg5 20. Ke2 Raf8
21. Rhg1 Be4 22. Raf1 Qh4 23. Qxb7 Rxf3 24. gxf3 Bxf3+ 25. Kd2 Qf4+ 26. Kc2 g6 27. cxd5 cxd5 28. Kb3 Qd2 29. h4 Qh6 30. Qxa7 Be4
31. Rxf8+ Qxf8 32. a4 Kh8 33. a5 Qf2 34. Qb8+ Kg7 35. Qc7+ Kh6 36. Rc1 Qd2 37. Rg1 Bd3 38. h5 Qc2+ 39. Kb4 Qb2+ 40. Kc5 Qa3+
41. Kb6 Bc4 42. hxg6 Qb3+ 43. Ka7 hxg6 44. Rh1+ Kg5 45. Qe7+ Kf4 46. Qf6+ Ke3 47. Rh3+ Kd2 48. Qf2+ Be2 49. Qe3+
1-0

[Event "mature men 11"]
[Site "SchemingMind.com"]
[Date "2007.02.01"]
[Round "-"]
[White "Coloplast"]
[Black "peeuukoo"]
[Result "0-1"]
[WhiteCountry "SWE"]
[BlackCountry "FIN"]
[WhiteElo "1961"]
[WhiteRD "73"]
[BlackElo "1880"]
[BlackRD "80"]
[GameID "89738"]

1. d4 d5 2. c4 c6 3. Nc3 e6 4. Bf4 Nf6 5. Nf3 Bb4 6. Qc2 Ne4 7. e3 Qa5 8. Rc1 Nd7 9. a4 O-O 10. Bd3 Ndf6
11. O-O Bxc3 12. bxc3 h6 13. Be5 Qd8 14. Rb1 Nd6 15. c5 Nde8 16. Rb2 Nd7 17. Rfb1 f5 18. c4 Ndf6 19. Qc3 Ne4 20. Qe1 Ng5
21. Nxg5 Qxg5 22. f4 Qg6 23. a5 a6 24. cxd5 cxd5 25. Rb6 Qf7 26. c6 bxc6 27. Rxc6 Nf6 28. Qe2 Ng4 29. h3 Nxe5 30. fxe5 Qe7
31. Bxa6 f4 32. Bxc8 Rfxc8 33. Rxc8+ Rxc8 34. exf4 Qa3 35. Qe1 Qd3 36. Qb4 Rc2 37. Rf1 Qe2
0-1

[Event "mature men 11"]
[Site "SchemingMind.com"]
[Date "2007.02.01"]
[Round "-"]
[White "Coloplast"]
[Black "badbishop"]
[Result "0-1"]
[WhiteCountry "SWE"]
[BlackCountry "POL"]
[WhiteElo "1928"]
[WhiteRD "70"]
[BlackElo "2209"]
[BlackRD "92"]
[GameID "89739"]

1. d4 Nf6 2. c4 g6 3. Nc3 Bg7 4. Bf4 d6 5. Nf3 O-O 6. e3 Nc6 7. Be2 Nd7 8. O-O e5 9. dxe5 Ndxe5 10. Nd4 Nxd4
11. exd4 Nc6 12. Be3 Re8 13. d5 Rxe3 14. fxe3 Ne5 15. Qd2 Qe7 16. e4 Bd7 17. b3 Re8 18. Rae1 a6 19. Bf3 Qh4 20. Ne2 Bh6
21. Qc3 Bg4 22. Ng3 Nxf3+ 23. gxf3 Bh3 24. Rf2 Re5 25. Ree2 Bf4 26. Nf1 Rg5+ 27. Kh1 Bxf1 28. Rxf1 Qh3 29. Qe1 Rh5 30. Rff2 Bg3
31. Qf1 Bxf2 32. Qxh3 Rxh3 33. Rxf2 Kg7 34. Kg2 Rh5 35. f4 g5 36. Kg3 Kg6 37. fxg5 Rxg5+ 38. Kf4 f5 39. exf5+ Rxf5+ 40. Ke3 Rh5
41. Rg2+ Kf6 42. Kf4 a5 43. Rf2 Rf5+ 44. Kg3 Rxf2 45. Kxf2 Ke5 46. Ke3= b5 47. h3 b4 48. h4 h5 49. Kd3 Kf4 50. Kd4 Kg4
51. c5 Kf5 52. cxd6 cxd6 53. Kc4 Ke4 54. Kb5 Kxd5 55. Kxa5 Kc5 56. Ka4 d5 57. a3 bxa3 58. Kxa3 Kd4 59. Kb2 Kd3 60. b4 Kc4
61. b5 Kxb5 62. Kc3 Kc5 63. Kd3 Kd6 64. Kd4 Ke6 65. Kd3 Kf5 66. Kd4 Kg4 67. Kxd5 Kxh4
0-1

[Event "mature men 11"]
[Site "SchemingMind.com"]
[Date "2007.02.01"]
[Round "-"]
[White "_keyes"]
[Black "Coloplast"]
[Result "1-0"]
[WhiteCountry "ENG"]
[BlackCountry "SWE"]
[WhiteElo "1827"]
[WhiteRD "74"]
[BlackElo "1916"]
[BlackRD "70"]
[GameID "89740"]

1. d4 g6 2. c4 Bg7 3. Nc3 d6 4. e4 e5 5. d5 f5 6. Bd3 Nf6 7. f3 O-O 8. exf5 Bxf5 9. Bxf5 gxf5 10. Bg5 Nbd7
11. Nge2 h6 12. Bh4 a6 13. Qc2 Qe8 14. O-O-O Nh7 15. Ng3 Qg6 16. Rdg1 Rf7 17. Nge2 Nhf8 18. Bf2 b6 19. Be1 Kh7 20. Bd2 Nc5
21. b4 Nb7 22. g4 f4 23. Ne4 Nd7 24. h4 Kh8 25. h5 Qh7 26. g5 Qf5 27. Qa4 b5 28. Qb3 bxc4 29. Qxc4 Nb6 30. Qc6 Rb8
31. gxh6 Bxh6 32. Rg6 Kh7 33. N2g3 Qd7 34. Nf6+ Rxf6 35. Rxf6 Qxc6+ 36. dxc6 Nd8 37. Nf5 Bg5 38. Rf8 Nxc6 39. Rf7+ Kh8 40. Rg1 Rg8
41. Rxc7 Nd4 42. Nxd4 exd4 43. Rc6 Nd7 44. Rxd6 Ne5 45. Rf1 Rc8+ 46. Kb1 Nc4 47. Rxd4 Bf6 48. Rd3 Re8 49. Bxf4 Re2 50. Bc1 Rh2
51. h6 Kg8 52. a4 Kf7 53. Rd7+ Ke6 54. Ra7 Kd5 55. Rxa6 Bc3 56. Rd1+ Ke5 57. Rc6
1-0

[Event "mature men 11"]
[Site "SchemingMind.com"]
[Date "2007.02.05"]
[Round "-"]
[White "simon_w"]
[Black "Coloplast"]
[Result "0-1"]
[WhiteCountry "IRL"]
[BlackCountry "SWE"]
[WhiteElo "1719"]
[WhiteRD "66"]
[BlackElo "1961"]
[BlackRD "73"]
[GameID "89741"]

1. e4 c5 2. Bc4 e6 3. Nf3 Nc6 4. d3 d5 5. exd5 exd5 6. Bb3 Nf6 7. h3 Be7 8. O-O O-O 9. Bf4 Bd6 10. Bxd6 Qxd6
11. c3 Bf5 12. Na3 a6 13. d4 c4 14. Bc2 Bxc2 15. Nxc2 Rfe8 16. Ne3 Ne4 17. Nf5 Qf6 18. N3h4 g6 19. Qg4 h5 20. Qf3 gxf5
21. Nxf5 Ne7 22. g4 Nxf5 23. Qxf5 Qxf5 24. gxf5 Kg7 25. Kh2 Kf6 26. h4 Rg8 27. f3 Nd6 28. Rg1 Nxf5 29. Kh3 Rg6 30. Rxg6+ fxg6
0-1

[Event "mature men 11"]
[Site "SchemingMind.com"]
[Date "2007.02.05"]
[Round "-"]
[White "Mekk"]
[Black "Coloplast"]
[Result "0-1"]
[WhiteCountry "POL"]
[BlackCountry "SWE"]
[WhiteElo "1771"]
[WhiteRD "62"]
[BlackElo "2026"]
[BlackRD "78"]
[GameID "89742"]

1. e4 c5 2. Nf3 Nc6 3. d4 cxd4 4. Nxd4 Nf6 5. Nc3 e6 6. Ndb5 Bb4 7. Nd6+ Bxd6 8. Qxd6 Qe7 9. Bf4 a6 10. O-O-O Qxd6
11. Bxd6 b5 12. Bd3 Bb7 13. Rhe1 Kd8 14. f3 Ne8 15. Bf1 Nxd6 16. Rxd6 Ke7 17. Red1 Rhd8 18. f4 Na5 19. b4 Nc6 20. a3 Rac8
21. Kb2 Rc7 22. e5 f6 23. exf6+ gxf6 24. g4 Nb8 25. g5 f5 26. h4 Rdc8 27. R6d3 Be4 28. Rg3 d5 29. Rd2 Nd7 30. h5 Nb6
31. g6 hxg6 32. hxg6 Rxc3
0-1

[Event "mature men 11"]
[Site "SchemingMind.com"]
[Date "2007.02.01"]
[Round "-"]
[White "erikbrynolfson"]
[Black "Coloplast"]
[Result "1-0"]
[WhiteCountry "USA"]
[BlackCountry "SWE"]
[WhiteElo "1749"]
[WhiteRD "63"]
[BlackElo "1916"]
[BlackRD "70"]
[GameID "89743"]

1. b3 e5 2. Bb2 Nc6 3. e3 d5 4. Bb5 Bd6 5. f4 exf4 6. Bxg7 Qh4+ 7. Kf1 Qg5 8. Bxh8 f6 9. Bxc6+ bxc6 10. Nf3 Qh6
11. Qe2 Kf7 12. Nc3 Bf5 13. Nd4 Bg6 14. Rc1 Re8 15. Qg4 fxe3 16. d3 Be5 17. Nce2 Bxd4 18. Nxd4 Bh5 19. Qg7+ Qxg7 20. Bxg7 Kxg7
21. g4 Bg6 22. Re1 c5 23. Nb5 d4 24. Nxc7 Re5 25. a4 f5 26. Rg1 f4 27. Ke2 h5 28. Kf3 hxg4+ 29. Rxg4 Nf6 30. Rxf4 Bh5+
31. Kg3 Rg5+ 32. Kh4 Rg2 33. Ne6+ Kf7 34. Nxc5 Kg6 35. Ne4 Nd5 36. Rf8 Rg4+ 37. Kh3 Nf4+ 38. Rxf4 Rxf4 39. c3 Rxe4 40. dxe4 d3
41. Rxe3 d2 42. Rd3 d1=Q 43. Rxd1 Bxd1 44. Kg3 Bxb3 45. a5 Kg5 46. Kf3 Kf6 47. Kf4 Bc4 48. e5+ Ke6 49. Ke4 Be2 50. Kd4 Kd7
51. c4 Kc6 52. c5 Bg4 53. h4 Bh5 54. e6 Bg6 55. e7 Kb5 56. Kd5 Be8 57. Kd6 Kxa5 58. c6 Kb6 59. c7 Kb7 60. h5 Bxh5
61. Kd7 Kb6 62. Kd8
1-0

[Event "mature men 11"]
[Site "SchemingMind.com"]
[Date "2007.02.01"]
[Round "-"]
[White "daraimeister"]
[Black "Coloplast"]
[Result "0-1"]
[WhiteCountry "HUN"]
[BlackCountry "SWE"]
[WhiteElo "1717"]
[WhiteRD "79"]
[BlackElo "2026"]
[BlackRD "78"]
[GameID "89744"]

1. e4 c5 2. d4 cxd4 3. Nf3 Nc6 4. Nxd4 Nf6 5. Nc3 e6 6. Be2 Bb4 7. O-O d5 8. Nxc6 bxc6 9. e5 Nd7 10. f4 Qb6+
11. Kh1 Ba6 12. Bxa6 Qxa6 13. f5 O-O 14. Be3 Nxe5 15. f6 Bd6 16. Qh5 Ng6 17. Qg4 gxf6 18. Bh6 f5 19. Qh5 Rfb8 20. Bg5 Qc4
21. Bf6 Be5 22. Bxe5 Nxe5 23. Qg5+ Ng6 24. Rae1 Rxb2 25. Ne2 Rxc2 26. Nf4 Qd4 27. Nh5 Rf2 28. Qh6 Rxf1+ 29. Rxf1 Rb8 30. Qg5 Kf8
31. Qh6+ Ke7 32. Qg5+ Kd6 33. Qg3+ Qe5 34. Qa3+ Kc7 35. Qxa7+ Rb7 36. Qa5+ Kd7 37. Qa8 Rc7 38. a4 f4 39. a5 Qxh5 40. a6 Qe2
41. Rg1 Qa2 42. Qg8 Qxa6
0-1

[Event "mature men 11"]
[Site "SchemingMind.com"]
[Date "2007.02.01"]
[Round "-"]
[White "ekulrac"]
[Black "Coloplast"]
[Result "0-1"]
[WhiteCountry "SCO"]
[BlackCountry "SWE"]
[WhiteElo "1712"]
[WhiteRD "49"]
[BlackElo "2021"]
[BlackRD "78"]
[GameID "89745"]

1. e4 c5 2. Nf3 Nc6 3. d4 cxd4 4. Nxd4 Nf6 5. Nc3 e6 6. Be3 Bb4 7. Bd3 d5 8. exd5 Nxd5 9. O-O Nxc3 10. Qg4 Nd5
11. Nxc6 bxc6 12. Qxg7 Qf6 13. Qxf6 Nxf6 14. Bd4 Ke7 15. f4 c5 16. Be5 h6 17. f5 Rf8 18. fxe6 fxe6 19. Rxf6 Rxf6 20. Be4 Rf5
21. Bxf5 exf5 22. Rd1 c4
0-1

[Event "mature men 11"]
[Site "SchemingMind.com"]
[Date "2007.02.01"]
[Round "-"]
[White "peeuukoo"]
[Black "Coloplast"]
[Result "0-1"]
[WhiteCountry "FIN"]
[BlackCountry "SWE"]
[WhiteElo "1955"]
[WhiteRD "87"]
[BlackElo "2026"]
[BlackRD "78"]
[GameID "89746"]

1. d4 Nf6 2. c4 d5 3. Nc3 c6 4. Nf3 Bf5 5. Nh4 Bg6 6. h3 e6 7. Bg5 Be7 8. Nxg6 hxg6 9. Bxf6 Bxf6 10. cxd5 cxd5
11. e3 Nc6 12. Qb3 Qb6 13. Qc2 Rc8 14. Bb5 a6 15. Bxc6+ Rxc6 16. Qd2 Be7 17. a3 Qb3 18. O-O Kd7 19. Rfe1 Rhc8 20. Re2 b5
21. Na2 Rc2 22. Qd1 Qxb2
0-1

[Event "mature men 11"]
[Site "SchemingMind.com"]
[Date "2007.02.01"]
[Round "-"]
[White "badbishop"]
[Black "Coloplast"]
[Result "1-0"]
[WhiteCountry "POL"]
[BlackCountry "SWE"]
[WhiteElo "2121"]
[WhiteRD "91"]
[BlackElo "2026"]
[BlackRD "78"]
[GameID "89747"]

1. d4 g6 2. e4 Bg7 3. Nc3 d6 4. f4 e5 5. Nf3 exd4 6. Nxd4 Nc6 7. Be3 Nxd4 8. Bxd4 Bxd4 9. Qxd4 Qf6 10. e5 dxe5
11. fxe5 Qb6 12. Qxb6 axb6 13. Nd5 Ra5 14. Nxc7+ Ke7 15. Nb5 Bf5 16. b4 Ra4 17. c3 Nh6 18. Bc4 Ng4 19. Bb3 Raa8 20. Nc7 Rad8
21. O-O Nxe5 22. Rae1 f6 23. Nd5+ Kf7 24. Rxe5 fxe5 25. g4
1-0

[Event "mature men 11"]
[Site "SchemingMind.com"]
[Date "2007.02.02"]
[Round "-"]
[White "ernesto fonseca"]
[Black "_keyes"]
[Result "1-0"]
[WhiteCountry "NCA"]
[BlackCountry "ENG"]
[WhiteElo "2110"]
[WhiteRD "79"]
[BlackElo "1793"]
[BlackRD "68"]
[GameID "89990"]

1. e4 c5 2. Bc4 e6 3. Nf3 d6 4. d4 cxd4 5. Nxd4 a6 6. O-O Qc7 7. Bd3 Nf6 8. Nc3 Nbd7 9. Be3 b6 10. f4 Bb7
11. Qf3 Be7 12. a4 Nc5 13. Rac1 Qd7 14. a5 Nxd3 15. cxd3 b5 16. Qg3 g6 17. Nce2 Nh5 18. Qh3 Ng7 19. Ng3 Rc8 20. Rxc8+ Bxc8
21. f5 gxf5 22. exf5 exf5 23. Ndxf5 Nxf5 24. Nxf5 h5 25. Bd4 Rh7 26. Qg3 Kf8 27. Nh6
1-0

[Event "mature men 11"]
[Site "SchemingMind.com"]
[Date "2007.02.06"]
[Round "-"]
[White "ernesto fonseca"]
[Black "Mekk"]
[Result "1-0"]
[WhiteCountry "NCA"]
[BlackCountry "POL"]
[WhiteElo "2110"]
[WhiteRD "79"]
[BlackElo "1807"]
[BlackRD "57"]
[GameID "89992"]

1. e4 e6 2. d4 d5 3. Nc3 Nf6 4. e5 Nfd7 5. Nf3 c5 6. Ne2 Nc6 7. c3 Qb6 8. a3 f6 9. exf6 Nxf6 10. b4 cxb4
11. axb4 Bd6 12. Bf4 Bxf4 13. Nxf4 O-O 14. Qb3 Ne4 15. Nxd5 Qd8 16. Ne3 Kh8 17. Bd3 Ng5 18. Nxg5 Qxg5 19. O-O Bd7 20. Be4 h5
21. g3 h4 22. f4 Qh6 23. b5 Ne7 24. Bxb7 Rab8 25. Rxa7 Nf5 26. Nxf5 Rxf5 27. c4 hxg3 28. hxg3 Rh5 29. Be4 Be8 30. Qa3 Bg6
31. Bg2 Bf5 32. Qd6 Rg8 33. Re1 Qf6 34. b6
1-0

[Event "mature men 11"]
[Site "SchemingMind.com"]
[Date "2007.02.02"]
[Round "-"]
[White "ernesto fonseca"]
[Black "erikbrynolfson"]
[Result "1-0"]
[WhiteCountry "NCA"]
[BlackCountry "USA"]
[WhiteElo "2050"]
[WhiteRD "81"]
[BlackElo "1703"]
[BlackRD "57"]
[GameID "89993"]

1. e4 e6 2. d4 d5 3. exd5 exd5 4. Nf3 Nf6 5. Bd3 c5 6. dxc5 Bxc5 7. O-O O-O 8. Nbd2 Bg4 9. Nb3 b6 10. h3 Bh5
11. Bg5 Be7 12. Re1 Re8 13. Bb5 Nbd7 14. Bxf6 Bxf6 15. Rxe8+ Qxe8 16. Qxd5 Rd8 17. Qxh5
1-0

[Event "mature men 11"]
[Site "SchemingMind.com"]
[Date "2007.02.02"]
[Round "-"]
[White "ernesto fonseca"]
[Black "Coloplast"]
[Result "1-0"]
[WhiteCountry "NCA"]
[BlackCountry "SWE"]
[WhiteElo "2110"]
[WhiteRD "79"]
[BlackElo "1961"]
[BlackRD "73"]
[GameID "89994"]

1. e4 c5 2. Nf3 Nc6 3. d4 cxd4 4. Nxd4 Nf6 5. Nc3 e6 6. Ndb5 a6 7. Nd6+ Bxd6 8. Qxd6 Qa5 9. Bd3 Qe5 10. Bf4 Qxd6
11. Bxd6 b5 12. b4 Bb7 13. a4 Nd4 14. Kd2 bxa4 15. Rxa4 Nb5 16. Nxb5 axb5 17. Rxa8+ Bxa8 18. f3 Ng8 19. Ra1 Bb7 20. Bxb5 f6
21. Ra7 Bc6 22. Bxc6 dxc6 23. c4 h5 24. b5 cxb5 25. cxb5
1-0

[Event "mature men 11"]
[Site "SchemingMind.com"]
[Date "2007.02.02"]
[Round "-"]
[White "ernesto fonseca"]
[Black "daraimeister"]
[Result "1-0"]
[WhiteCountry "NCA"]
[BlackCountry "HUN"]
[WhiteElo "2075"]
[WhiteRD "81"]
[BlackElo "1714"]
[BlackRD "86"]
[GameID "89995"]

1. e4 e5 2. Qh5 Nf6 3. Qxe5+ Be7 4. Qf4 O-O 5. Nc3 d6 6. d4 Nc6 7. Nge2 Nb4 8. Qd2 c5 9. d5 Ng4 10. a3 Na6
11. Ng3 f5 12. Nxf5 Bxf5 13. exf5 Rxf5 14. Bxa6 bxa6 15. O-O Qf8 16. Qe2 Ne5 17. Qxa6 Qf6 18. f4 Ng4 19. Qe2 Nxh2 20. Kxh2 Qh4+
21. Kg1 Rh5 22. Qe6+ Kh8 23. Qh3 Bf6 24. Qxh4 Rxh4 25. g3
1-0

[Event "mature men 11"]
[Site "SchemingMind.com"]
[Date "2007.02.02"]
[Round "-"]
[White "ernesto fonseca"]
[Black "ekulrac"]
[Result "1-0"]
[WhiteCountry "NCA"]
[BlackCountry "SCO"]
[WhiteElo "2110"]
[WhiteRD "79"]
[BlackElo "1710"]
[BlackRD "52"]
[GameID "89996"]

1. e4 Nc6 2. d4 e5 3. d5 Nce7 4. Nf3 Ng6 5. h4 h5 6. Bg5 Nf6 7. Nbd2 Be7 8. Bxf6 Bxf6 9. d6 c6 10. g3 b5
11. a4 Qb6 12. Nb3 b4 13. a5 Qb8 14. Ra4 a6 15. Qd2 c5 16. Nxc5 Qa7 17. Qxb4 Rb8 18. Qc3 Nf8 19. Bc4 Ne6 20. Bxe6 fxe6
21. Nxe5 O-O 22. b4 Bb7 23. f4 Bc6 24. Ra3 Qa8 25. Qd4 Bxe5 26. fxe5 Rf7 27. Re3 Rbf8 28. Qd3 Bb7 29. Qe2 g6 30. g4 Rf2
31. Qxf2 Rxf2 32. Kxf2 hxg4 33. Nxd7 Qc8 34. Nc5 Qf8+ 35. Kg3 Bc6 36. Rd1
1-0

[Event "mature men 11"]
[Site "SchemingMind.com"]
[Date "2007.02.02"]
[Round "-"]
[White "ernesto fonseca"]
[Black "peeuukoo"]
[Result "0-1"]
[WhiteCountry "NCA"]
[BlackCountry "FIN"]
[WhiteElo "2075"]
[WhiteRD "81"]
[BlackElo "1898"]
[BlackRD "82"]
[GameID "89997"]

1. e4 e5 2. Nf3 Nc6 3. Bb5 a6 4. Bxc6 dxc6 5. O-O Bg4 6. h3 Bxf3 7. Qxf3 Nf6 8. d3 h6 9. Be3 Bd6 10. Nd2 Qe7
11. a3 Bc5 12. Qg3 Bxe3 13. fxe3 O-O 14. Rf5 Kh7 15. Rxe5 Qd6 16. Nc4 Qd8 17. Rf5 Nd7 18. Raf1 f6 19. b3 b6 20. a4 Re8
21. R1f2 Re7 22. a5 b5 23. Nd2 g6 24. R5f4 Qg8 25. Nf3 Rf8 26. h4 h5 27. e5 Qg7 28. exf6 Rxf6 29. Ng5+ Kg8 30. Rxf6 Nxf6
0-1

[Event "mature men 11"]
[Site "SchemingMind.com"]
[Date "2007.02.02"]
[Round "-"]
[White "ernesto fonseca"]
[Black "badbishop"]
[Result "1-0"]
[WhiteCountry "NCA"]
[BlackCountry "POL"]
[WhiteElo "2050"]
[WhiteRD "81"]
[BlackElo "2121"]
[BlackRD "91"]
[GameID "89998"]

1. e4 c6 2. d4 d5 3. e5 Bf5 4. Nf3 e6 5. c3 Nd7 6. Nbd2 f6 7. Nb3 Bg4 8. Bf4 Ne7 9. exf6 gxf6 10. h3 Bh5
11. Qe2 Bf7 12. O-O-O Ng6 13. Bh2 Bh6+ 14. Kb1 Nf4 15. Qe3 Qc7 16. Re1 Bg6+ 17. Ka1 Be4 18. Nbd2 O-O-O 19. Nxe4 dxe4 20. Qxe4 e5
21. Qe3 Qa5 22. Bc4 Nb6 23. Bb3 Nbd5 24. Qe4 Rdf8 25. g3
1-0

[Event "mature men 11"]
[Site "SchemingMind.com"]
[Date "2007.02.02"]
[Round "-"]
[White "_keyes"]
[Black "ernesto fonseca"]
[Result "0-1"]
[WhiteCountry "ENG"]
[BlackCountry "NCA"]
[WhiteElo "1813"]
[WhiteRD "71"]
[BlackElo "2075"]
[BlackRD "81"]
[GameID "89999"]

1. d4 Nf6 2. c4 e6 3. Nc3 Bb4 4. e3 O-O 5. Ne2 d5 6. a3 Bd6 7. c5 Be7 8. Ng3 b6 9. b4 a5 10. bxa5 bxc5
11. dxc5 Bxc5 12. Bd2 Nbd7 13. Bb5 Bd6 14. Nce2 c5 15. O-O Ba6 16. Bxa6 Rxa6 17. Rb1 Bc7 18. f4 Bxa5 19. Bc1 Rb6 20. Bb2 Ng4
21. Rf3 Qh4 22. h3 Rfb8 23. Qc2 Ngf6 24. Nc3 Bxc3 25. Qxc3 Rb3 26. Qc1 d4 27. Nf1 Nd5 28. Nd2 Rxe3 29. Rf2 Nxf4 30. Nf3 Rxf3
31. Rxf3 Ne2+
0-1

[Event "mature men 11"]
[Site "SchemingMind.com"]
[Date "2007.02.07"]
[Round "-"]
[White "Mekk"]
[Black "ernesto fonseca"]
[Result "0-1"]
[WhiteCountry "POL"]
[BlackCountry "NCA"]
[WhiteElo "1771"]
[WhiteRD "62"]
[BlackElo "2050"]
[BlackRD "81"]
[GameID "90001"]

1. e4 e5 2. Nf3 Nf6 3. Nxe5 d6 4. Nf3 Nxe4 5. Nc3 Nxc3 6. dxc3 Be7 7. Bf4 O-O 8. Qd2 Nd7 9. O-O-O Nc5 10. Kb1 c6
11. Nd4 d5 12. f3 Re8 13. g4 Bh4 14. Nf5 Bxf5 15. gxf5 Qb6 16. Bd3 Na4 17. b3 Bf6 18. Qg2 Nxc3+ 19. Kc1 Nxa2+
0-1

[Event "mature men 11"]
[Site "SchemingMind.com"]
[Date "2007.02.02"]
[Round "-"]
[White "erikbrynolfson"]
[Black "ernesto fonseca"]
[Result "1-0"]
[WhiteCountry "USA"]
[BlackCountry "NCA"]
[WhiteElo "1733"]
[WhiteRD "60"]
[BlackElo "2075"]
[BlackRD "81"]
[GameID "90002"]

1. e4 e5 2. Nf3 Nf6 3. Nc3 Nc6 4. Bb5 d6 5. O-O Bg4 6. h3 Bh5 7. Be2 Be7 8. d3 O-O 9. Bd2 Bxf3 10. Bxf3 Nd4
11. Be3 c5 12. a3 Re8 13. Bxd4 cxd4 14. Ne2 Rb8 15. c3 dxc3 16. bxc3 d5 17. exd5 Nxd5 18. d4 exd4 19. cxd4 Qd7 20. Bxd5 Qxd5
21. Qd3 Bf6 22. Rfd1 Rbd8 23. Rab1 b6 24. Rb4 Rd6 25. Nf4 Qe4 26. d5 Qxd3 27. Rxd3 Re1+ 28. Kh2 g5 29. Nh5 Be5+ 30. Ng3 h5
31. h4 a5 32. Rc4 b5 33. Rc8+ Kg7 34. Kh3
1-0

[Event "mature men 11"]
[Site "SchemingMind.com"]
[Date "2007.02.02"]
[Round "-"]
[White "Coloplast"]
[Black "ernesto fonseca"]
[Result "0-1"]
[WhiteCountry "SWE"]
[BlackCountry "NCA"]
[WhiteElo "2012"]
[WhiteRD "70"]
[BlackElo "2075"]
[BlackRD "81"]
[GameID "90003"]

1. d4 d5 2. c4 e6 3. Nc3 Nf6 4. Nf3 Be7 5. Bf4 O-O 6. e3 c6 7. Be2 Nbd7 8. Qc2 Nh5 9. Bg3 Re8= 10. O-O-O Nhf6
11. Bd3 dxc4 12. Bxc4 Nb6 13. Bd3 Nbd5 14. Ne5 Nb4 15. Qb3 Nxd3+ 16. Rxd3 a5 17. a3 Ra6 18. Qc2 b5 19. Rdd1 b4 20. Nb1 Bb7
21. a4 c5 22. dxc5 Qa8 23. b3 Bxc5 24. Kb2 Rc8 25. Nc4 Bxg2 26. Rhg1 Be4 27. Qd2 Bd5 28. Be5 Ne8 29. Rxg7+ Nxg7 30. Rg1 f6
31. Bxf6 Ra7
0-1

[Event "mature men 11"]
[Site "SchemingMind.com"]
[Date "2007.02.02"]
[Round "-"]
[White "daraimeister"]
[Black "ernesto fonseca"]
[Result "0-1"]
[WhiteCountry "HUN"]
[BlackCountry "NCA"]
[WhiteElo "1717"]
[WhiteRD "79"]
[BlackElo "2050"]
[BlackRD "81"]
[GameID "90004"]

1. d4 d5 2. e4 dxe4 3. Nc3 Nf6 4. f3 exf3 5. Nxf3 Bg4 6. Bd3 Nc6 7. O-O Nxd4 8. Be2 Nxf3+ 9. Bxf3 Qxd1 10. Bxd1 Bxd1
11. Rxd1 c6 12. Bg5 e6 13. Bxf6 gxf6 14. Ne4 Be7 15. c4 Rd8 16. b3 f5 17. Rxd8+ Kxd8 18. Rd1+ Kc7
0-1

[Event "mature men 11"]
[Site "SchemingMind.com"]
[Date "2007.02.02"]
[Round "-"]
[White "ekulrac"]
[Black "ernesto fonseca"]
[Result "0-1"]
[WhiteCountry "SCO"]
[BlackCountry "NCA"]
[WhiteElo "1711"]
[WhiteRD "50"]
[BlackElo "2050"]
[BlackRD "81"]
[GameID "90005"]

1. e4 c5 2. Nf3 e6 3. d4 cxd4 4. Nxd4 a6 5. Nc3 Nc6 6. Be3 Nf6 7. Bd3 e5 8. Nf5 d5 9. exd5 Nxd5 10. a3 Nxc3
11. bxc3 Qa5 12. O-O e4 13. Bxe4 Bxf5 14. Bxf5 Qxf5
0-1

[Event "mature men 11"]
[Site "SchemingMind.com"]
[Date "2007.02.02"]
[Round "-"]
[White "peeuukoo"]
[Black "ernesto fonseca"]
[Result "0-1"]
[WhiteCountry "FIN"]
[BlackCountry "NCA"]
[WhiteElo "1880"]
[WhiteRD "80"]
[BlackElo "2110"]
[BlackRD "79"]
[GameID "90006"]

1. d4 d5 2. c4 e6 3. Nc3 Nf6 4. Nf3 Be7 5. Bf4 dxc4 6. e4 Bb4 7. Qc2 b5 8. Bg5 Bb7 9. Nd2 Qd7 10. a3 Ba5
11. Be2 Nc6 12. Be3 Nxd4 13. Bxd4 Qxd4 14. O-O Rb8 15. Rac1 Bxc3 16. bxc3 Qe5 17. Bf3 O-O 18. Rfe1 Rfd8 19. Nf1 Rd3 20. Be2 Rd7
21. Bf3 a6 22. h3 Rbd8 23. Rcd1 Rxd1 24. Rxd1 Rxd1 25. Qxd1 h5 26. Qd2 Bxe4 27. Qe3 Qd5
0-1